000 00244 a2200097 4500
020 _a9781009284332
100 _aDeepak Khemani
245 _aSearch methods in artificial intelligence
260 _bCambridge University Press
_c2024
942 _cOO
999 _c115979
_d115978